[Event "VIE-ch U13 Girls"]
[Site "Da Lat"]
[Date "2013.07.??"]
[Round "2"]
[White "Nguyen Do Tuong, Vy"]
[Black "Tran, Ngoc Minh Tuong"]
[Result "0-1"]
[WhiteElo "1968"]
[BlackElo "1615"]
[PlyCount "70"]
[EventDate "2013.07.13"]
[EventType "swiss"]
[EventRounds "9"]
[EventCountry "VIE"]
[SourceTitle "EXT 2014"]
[Source "ChessBase"]
[SourceDate "2013.11.20"]
[SourceVersion "1"]
[SourceVersionDate "2013.11.20"]
[SourceQuality "1"]

1. d4 Nf6 2. Nf3 e6 3. e3 b6 4. Bd3 Bb7 5. Nbd2 Be7 6. e4 d6 7. h3 Nbd7 8. 0-0 0-0 9. Re1 c5 10. e5 Ne8 11. Nc4 Qc7 12. exd6 Nxd6 13. Bf4 Bd5 14. Nce5 Nxe5 15. Nxe5 cxd4 16. Qh5 f5 17. Nf3 Bf6 18. Bg5 Bxf3 19. gxf3 Bxg5 20. Qxg5 Rf6 21. Qf4 Rg6+ 22. Kf1 Nb5 23. Qd2 Qc5 24. Re2 Nd6 25. Rae1 Re8 26. Re5 Qc6 27. Qf4 Nf7 28. Bb5 Qxc2 29. Bxe8 Nxe5 30. Bxg6 Qc4+ 31. Kg2 Nxg6 32. Qd6 d3 33. Kg3 Qh4+ 34. Kg2 Nf4+ 35. Kg1 Qg5+ 0-1